Tous les Français de Serie A 2024/2025 - Statistiques

Statistiques générales
  • Ce quiz a été pris 56 fois
  • Le résultat moyen est 10 sur 35
Statistiques - réponses
Club Joueurs % Correct
Khéphren Thuram
100%
Marcus Thuram
100%
Inter Milan Benjamin Pavard
91%
AC Milan Mike Maignan
74%
Theo Hernández
74%
Juventus Turin Pierre Kalulu
72%
Yacine Adli
70%
Florian Thauvin
66%
Lazio Roma Mattéo Guendouzi
66%
Côme Raphaël Varane
66%
Youssouf Fofana
34%
Paul Pogba
30%
AS Roma Enzo Le Fée
26%
Fiorentina Jonathan Ikoné
23%
Adrien Tamèze
15%
Atalanta Bergame Brandon Soppy
13%
Valentin Gendrey
11%
Ali Dembélé
9%
Loum Tchaouna
9%
Lucas Da Cunha
9%
Ange-Yoan Bonny
6%
Rémi Oudin
6%
Parma Calcio Woyo Coulibaly
6%
Wylan Cyprien
6%
Yann Karamoh
6%
Ange Caumenan N'Guessan
4%
Udinese Calcio Axel Guessand
4%
Torino FC Côme Bianay-Balcot
4%
Hellas Vérone Yllan Okou
4%
Lecce Andy Pelmard
2%
Antoine Hainaut
2%
Balthazar Pierret
2%
Mohamed Kaba
2%
Reda Belahyane
2%
AC Monza Warren Bondo
2%
Aucun quiz correspondant
Distribution des résultats
% des personnes avec chaque résultat
Percentile par nombre de réponses
Votre historique - résultats
Vous n’avez pas pris ce quiz